[Event "GER Cup Net V2 U2400"]
[Site "Playchess.com INT"]
[Date "2020.05.22"]
[Round "5"]
[White "Mueller, Mark"]
[Black "Mittag, Ralf"]
[Result "0-1"]
[WhiteElo "1896"]
[BlackElo "1983"]
[PlyCount "60"]
[EventDate "2020.05.22"]
[EventType "swiss (blitz)"]
[EventRounds "9"]
[EventCountry "GER"]
[SourceTitle "EXT 2021"]
[Source "ChessBase"]
[SourceDate "2020.10.23"]
[SourceVersion "1"]
[SourceVersionDate "2020.10.23"]
[SourceQuality "1"]

1. d4 g6 2. c4 Bg7 3. Nc3 d6 4. e4 Nc6 5. d5 Nd4 6. Nge2 c5 7. Be3 Qb6 8. Qd2 e5 9. dxe6 fxe6 10. 0-0-0 e5 11. Nd5 Qd8 12. Bg5 Nf6 13. Nec3 Be6 14. f4 0-0 15. Bd3 a6 16. f5 gxf5 17. exf5 Bxd5 18. Nxd5 b5 19. Rdf1 Rb8 20. g4 e4 21. Be2 Qe8 22. Bxf6 Bxf6 23. g5 Be5 24. f6 Kh8 25. Qe3 Nxe2+ 26. Qxe2 bxc4 27. Qxc4 Bxb2+ 28. Kc2 Qg6 29. Ne3 Bd4 30. Nf5 Qxg5 0-1

[Event "GER Cup Net V2 U2400"]
[Site "Playchess.com INT"]
[Date "2020.05.22"]
[Round "9"]
[White "Promyshlyanskiy, Vitaliy"]
[Black "Mueller, Mark"]
[Result "1-0"]
[WhiteElo "2039"]
[BlackElo "1896"]
[PlyCount "45"]
[EventDate "2020.05.22"]
[EventType "swiss (blitz)"]
[EventRounds "9"]
[EventCountry "GER"]
[SourceTitle "EXT 2021"]
[Source "ChessBase"]
[SourceDate "2020.10.23"]
[SourceVersion "1"]
[SourceVersionDate "2020.10.23"]
[SourceQuality "1"]

1. e4 c6 2. d4 d5 3. e5 c5 4. dxc5 Nc6 5. Nf3 Bg4 6. c3 e6 7. Be3 Nge7 8. Bd4 Nf5 9. Be2 Bxf3 10. Bxf3 Nfxd4 11. cxd4 b6 12. Qa4 Rc8 13. cxb6 Qxb6 14. 0-0 Qxd4 15. Qa6 Rc7 16. Nc3 Qb6 17. Qa4 a6 18. Bxd5 exd5 19. Nxd5 Qb7 20. Nxc7+ Qxc7 21. Rac1 Be7 22. Rxc6 Qd7 23. Rd1 1-0

[Event "GER-ch Net blitz qual4"]
[Site "Playchess.com INT"]
[Date "2020.03.23"]
[Round "9"]
[White "Fruth, David"]
[Black "Mueller, Mark"]
[Result "0-1"]
[WhiteElo "1738"]
[BlackElo "2003"]
[PlyCount "80"]
[EventDate "2020.03.23"]
[EventType "swiss (blitz)"]
[EventRounds "9"]
[EventCountry "GER"]
[SourceTitle "CBM 195 Extra"]
[Source "ChessBase"]
[SourceDate "2020.05.31"]
[SourceVersion "1"]
[SourceVersionDate "2020.05.31"]
[SourceQuality "1"]

1. e4 c6 2. Nf3 d5 3. Nc3 dxe4 4. Nxe4 Nf6 5. Qe2 Nxe4 6. Qxe4 Nd7 7. Bc4 Nf6 8. Qe2 Bf5 9. d3 e6 10. Bg5 Be7 11. 0-0 0-0 12. Bxf6 Bxf6 13. Rab1 b5 14. Bb3 a5 15. a3 a4 16. Ba2 Qd6 17. Nh4 Bxh4 18. Rbd1 Bf6 19. c3 h6 20. Bb1 c5 21. d4 Bxb1 22. dxc5 Qxc5 23. Rxb1 Qc4 24. Qe3 Rfd8 25. Rfd1 Rxd1+ 26. Rxd1 Rd8 27. Rxd8+ Bxd8 28. Qd2 Qd5 29. Qe2 Bf6 30. g3 g6 31. Qe3 Kg7 32. Qe2 h5 33. h3 e5 34. Kh2 e4 35. Qc2 Qd3 36. Qc1 e3 37. Qxe3 Qxe3 38. fxe3 Bg5 39. e4 Bc1 40. Kg2 Bxb2 0-1

[Event "GER-ch Net blitz qual4"]
[Site "Playchess.com INT"]
[Date "2020.03.23"]
[Round "8"]
[White "Mueller, Mark"]
[Black "Hoellenriegel, Daniela"]
[Result "1-0"]
[WhiteElo "2003"]
[BlackElo "2012"]
[PlyCount "107"]
[EventDate "2020.03.23"]
[EventType "swiss (blitz)"]
[EventRounds "9"]
[EventCountry "GER"]
[SourceTitle "CBM 195 Extra"]
[Source "ChessBase"]
[SourceDate "2020.05.31"]
[SourceVersion "1"]
[SourceVersionDate "2020.05.31"]
[SourceQuality "1"]

1. d4 e6 2. c4 d5 3. Nc3 Nf6 4. cxd5 exd5 5. Bg5 c6 6. e3 Be7 7. Bd3 h6 8. Bh4 Bg4 9. Nge2 Bxe2 10. Qxe2 Nbd7 11. 0-0 0-0 12. f3 Re8 13. e4 dxe4 14. fxe4 Nxe4 15. Qxe4 Bxh4 16. Qh7+ Kf8 17. Qh8+ Ke7 18. Qxg7 Kd6 19. Rxf7 Re7 20. Ne4+ Kc7 21. g3 Rxf7 22. Qxf7 Bf6 23. Nxf6 Qxf6 24. Qxf6 Nxf6 25. Rf1 Nd5 26. Rf7+ Kb6 27. Rh7 Nb4 28. Bb1 Rd8 29. a3 Na6 30. Rxh6 Rxd4 31. Kf2 Rd2+ 32. Ke3 Rxb2 33. Bf5 Rb3+ 34. Kf4 Rxa3 35. h4 Nc5 36. h5 Ra4+ 37. Kg5 Ne4+ 38. Bxe4 Rxe4 39. Rf6 a5 40. h6 Re3 41. g4 Rh3 42. Kg6 a4 43. g5 Kb5 44. Rf7 b6 45. h7 c5 46. Kg7 a3 47. Ra7 Kb4 48. h8Q Rxh8 49. Kxh8 Kb3 50. g6 a2 51. g7 Kb2 52. g8Q a1Q 53. Qg2+ Kb3+ 54. Rg7 1-0

[Event "GER-ch Net blitz qual3"]
[Site "Playchess.com INT"]
[Date "2020.03.21"]
[Round "3"]
[White "Haussler, Daniel"]
[Black "Mueller, Mark"]
[Result "1-0"]
[WhiteElo "1734"]
[BlackElo "2003"]
[PlyCount "71"]
[EventDate "2020.03.21"]
[EventType "swiss (blitz)"]
[EventRounds "9"]
[EventCountry "GER"]
[SourceTitle "CBM 195 Extra"]
[Source "ChessBase"]
[SourceDate "2020.05.31"]
[SourceVersion "1"]
[SourceVersionDate "2020.05.31"]
[SourceQuality "1"]

1. d4 Nf6 2. c4 g6 3. Nc3 Bg7 4. e4 0-0 5. f4 d6 6. Nf3 Na6 7. Be2 e5 8. 0-0 Bg4 9. Be3 Bxf3 10. Bxf3 exd4 11. Bxd4 Re8 12. Re1 Nc5 13. b4 Ne6 14. Be3 Ng4 15. Bxg4 Bxc3 16. Rf1 Bxb4 17. Rc1 Bc5 18. Qe2 Nd4 19. Qd3 Qf6 20. Kh1 Ne6 21. Bd2 Qd4 22. Qe2 Ng7 23. Bf3 f5 24. Bc3 Qe3 25. Qb2 Ne6 26. Rce1 Qxf4 27. exf5 Qxf5 28. Bd5 Qg5 29. Bxe6+ Rxe6 30. Rxe6 Rf8 31. Rxf8+ Kxf8 32. Bg7+ Kf7 33. Re1 Qf5 34. Bh6 Qf6 35. Qe2 Bd4 36. Qe8# 1-0

[Event "GER-ch Net blitz qual2"]
[Site "Playchess.com INT"]
[Date "2020.03.16"]
[Round "4"]
[White "Gutheil, Heinrich"]
[Black "Mueller, Mark"]
[Result "1-0"]
[WhiteElo "2040"]
[BlackElo "2003"]
[PlyCount "71"]
[EventDate "2020.03.16"]
[EventType "swiss (blitz)"]
[EventRounds "9"]
[EventCountry "GER"]
[SourceTitle "CBM 195 Extra"]
[Source "ChessBase"]
[SourceDate "2020.05.31"]
[SourceVersion "1"]
[SourceVersionDate "2020.05.31"]
[SourceQuality "1"]

1. e4 c6 2. d4 d5 3. e5 c5 4. dxc5 Nc6 5. a3 Nxe5 6. b4 e6 7. Bb2 Ng6 8. Nf3 Nf6 9. Bd3 Be7 10. g3 0-0 11. 0-0 b6 12. c6 b5 13. Bxb5 Qb6 14. Qe2 a6 15. Ba4 Ne4 16. Nbd2 Bf6 17. Bxf6 Nxf6 18. c4 dxc4 19. Nxc4 Qc7 20. Nfe5 Ne7 21. Rfd1 Nfd5 22. Rac1 Rd8 23. Nd7 Nxc6 24. Bxc6 Qxc6 25. Ncb6 Qb7 26. Nxd5 Rxd7 27. Ne7+ Kf8 28. Nxc8 Rxc8 29. Rxc8+ Qxc8 30. Rxd7 Qxd7 31. Qxa6 Qd1+ 32. Kg2 Qd5+ 33. Kg1 Qd1+ 34. Qf1 Qb3 35. Qc1 Qxa3 36. Qxa3 1-0

[Event "GER-ch Net blitz qual2"]
[Site "Playchess.com INT"]
[Date "2020.03.16"]
[Round "7"]
[White "Lu, Trung Cang"]
[Black "Mueller, Mark"]
[Result "1/2-1/2"]
[WhiteElo "1819"]
[BlackElo "2003"]
[PlyCount "71"]
[EventDate "2020.03.16"]
[EventType "swiss (blitz)"]
[EventRounds "9"]
[EventCountry "GER"]
[SourceTitle "CBM 195 Extra"]
[Source "ChessBase"]
[SourceDate "2020.05.31"]
[SourceVersion "1"]
[SourceVersionDate "2020.05.31"]
[SourceQuality "1"]

1. e4 c6 2. d4 d5 3. exd5 cxd5 4. c4 Nf6 5. Nc3 Nc6 6. Bg5 Be6 7. Be2 Qa5 8. Bf3 Rd8 9. Bxf6 exf6 10. cxd5 Bxd5 11. Bxd5 Rxd5 12. Nf3 Be7 13. 0-0 Rd7 14. d5 Ne5 15. Nxe5 fxe5 16. Re1 Bd6 17. Qg4 f6 18. Qe6+ Kd8 19. Rac1 Re8 20. Qh3 g6 21. Ne4 Qxd5 22. Nxf6 Qe6 23. Qxe6 Rxe6 24. Nxd7 Kxd7 25. Rc2 b6 26. g3 Bc5 27. a3 a5 28. Rec1 Rf6 29. Rd1+ Ke6 30. b4 axb4 31. axb4 Bxb4 32. Rc6+ Ke7 33. Rc7+ Ke6 34. Rc6+ Ke7 35. Rc7+ Ke6 36. Rc6+ 1/2-1/2

[Event "GER-ch Net blitz qual1"]
[Site "Playchess.com INT"]
[Date "2020.03.07"]
[Round "3"]
[White "Mueller, Mark"]
[Black "Bennemann, Ingmar"]
[Result "1-0"]
[WhiteElo "2003"]
[BlackElo "2085"]
[PlyCount "61"]
[EventDate "2020.03.07"]
[EventType "swiss (blitz)"]
[EventRounds "9"]
[EventCountry "GER"]
[SourceTitle "CBM 195 Extra"]
[Source "ChessBase"]
[SourceDate "2020.05.31"]
[SourceVersion "1"]
[SourceVersionDate "2020.05.31"]
[SourceQuality "1"]

1. d4 Nf6 2. c4 g6 3. Nc3 d5 4. Bf4 Bg7 5. Rc1 Nc6 6. e3 0-0 7. h3 Be6 8. c5 Ne4 9. Nf3 Bf5 10. Bb5 Nb8 11. 0-0 c6 12. Bd3 Nxc3 13. Rxc3 Bxd3 14. Qxd3 Nd7 15. b4 f6 16. Qb1 e5 17. Bh2 a6 18. a4 Qe7 19. b5 axb5 20. axb5 Ra5 21. bxc6 bxc6 22. Qb7 Rb5 23. Qxc6 Rfb8 24. Qa6 Rb1 25. Rcc1 R1b4 26. Bg3 Nf8 27. c6 Ne6 28. dxe5 R4b6 29. Qa4 Qc7 30. exf6 Bxf6 31. Bxc7 1-0

[Event "GER-ch Net blitz qual1"]
[Site "Playchess.com INT"]
[Date "2020.03.07"]
[Round "9"]
[White "Rott, Georg"]
[Black "Mueller, Mark"]
[Result "0-1"]
[WhiteElo "2149"]
[BlackElo "2003"]
[PlyCount "104"]
[EventDate "2020.03.07"]
[EventType "swiss (blitz)"]
[EventRounds "9"]
[EventCountry "GER"]
[SourceTitle "CBM 195 Extra"]
[Source "ChessBase"]
[SourceDate "2020.05.31"]
[SourceVersion "1"]
[SourceVersionDate "2020.05.31"]
[SourceQuality "1"]

1. e4 c6 2. d4 d5 3. e5 c5 4. dxc5 Nc6 5. Nf3 Bg4 6. Be3 e6 7. c3 Bxf3 8. Qxf3 Nxe5 9. Qg3 Nd7 10. b4 Ne7 11. Bf4 Nf5 12. Qf3 a5 13. Bb5 axb4 14. cxb4 Qf6 15. Nc3 Nd4 16. Bxd7+ Kxd7 17. Qg3 Nc2+ 18. Kd2 Nxb4 19. Bd6 Qd4+ 20. Ke2 Qc4+ 21. Kd2 Qd4+ 22. Ke2 Ra6 23. Rhc1 Bxd6 24. cxd6 Rc8 25. Nb5 Qe4+ 26. Qe3 Qxe3+ 27. fxe3 Rxc1 28. Rxc1 Rxa2+ 29. Kf3 Nc6 30. Rb1 Ra5 31. g4 Ne5+ 32. Kf4 f6 33. h3 Nc4 34. Kf3 Kc6 35. Nd4+ Kxd6 36. Rxb7 Ra3 37. Nc2 Rc3 38. Nb4 Rxe3+ 39. Kg2 Re2+ 40. Kg3 g5 41. Rxh7 Re3+ 42. Kg2 Ke5 43. Rh6 d4 44. Nc6+ Kd5 45. Ne7+ Kd6 46. Nc8+ Kd7 47. Na7 d3 48. Nb5 d2 49. Rh7+ Kc6 50. Nc3 Rxc3 51. Rh8 d1Q 52. Rc8+ Kd7 0-1

[Event "GER-ch Net blitz qual1"]
[Site "Playchess.com INT"]
[Date "2020.03.07"]
[Round "6"]
[White "Traetmar, Mattis"]
[Black "Mueller, Mark"]
[Result "0-1"]
[WhiteElo "2009"]
[BlackElo "2003"]
[PlyCount "68"]
[EventDate "2020.03.07"]
[EventType "swiss (blitz)"]
[EventRounds "9"]
[EventCountry "GER"]
[SourceTitle "CBM 195 Extra"]
[Source "ChessBase"]
[SourceDate "2020.05.31"]
[SourceVersion "1"]
[SourceVersionDate "2020.05.31"]
[SourceQuality "1"]

1. e4 c6 2. d4 d5 3. e5 c5 4. dxc5 Nc6 5. Nf3 Bg4 6. c3 e6 7. Bb5 Bxf3 8. Qxf3 Bxc5 9. 0-0 Nge7 10. c4 Rc8 11. Nc3 0-0 12. cxd5 exd5 13. Bxc6 bxc6 14. Bg5 Qd7 15. Rad1 Ng6 16. Qg3 Qf5 17. h4 Qxe5 18. Qf3 h6 19. Bc1 Nxh4 20. Qg4 Ng6 21. Rde1 Qd4 22. Qg3 Bb6 23. Be3 Qh4 24. Qf3 d4 25. Bxh6 dxc3 26. Bc1 cxb2 27. Bxb2 Rce8 28. Rc1 Bc7 29. g3 Qh3 30. Rxc6 Bb6 31. Qc3 f6 32. Qc4+ Kh7 33. Qe4 Rxe4 34. Rcc1 Qxg3+ 0-1

[Event "GER-ch Net blitz qual1"]
[Site "Playchess.com INT"]
[Date "2020.03.07"]
[Round "7"]
[White "Walter, Kevin"]
[Black "Mueller, Mark"]
[Result "1-0"]
[WhiteElo "2143"]
[BlackElo "2003"]
[PlyCount "85"]
[EventDate "2020.03.07"]
[EventType "swiss (blitz)"]
[EventRounds "9"]
[EventCountry "GER"]
[SourceTitle "CBM 195 Extra"]
[Source "ChessBase"]
[SourceDate "2020.05.31"]
[SourceVersion "1"]
[SourceVersionDate "2020.05.31"]
[SourceQuality "1"]

1. e4 c6 2. Nf3 d5 3. Nc3 dxe4 4. Nxe4 Nf6 5. Nxf6+ gxf6 6. d4 Bf5 7. Bd3 e6 8. Bxf5 Qa5+ 9. c3 Qxf5 10. Be3 Bd6 11. Qe2 Qa5 12. Nd2 b5 13. a4 bxa4 14. Nc4 Qc7 15. Rxa4 Nd7 16. h4 Nb6 17. Nxb6 Qxb6 18. Ra6 Qb7 19. Qc4 Kd7 20. b4 Qb5 21. Qxb5 cxb5 22. Kd2 Rhg8 23. g3 Rgb8 24. Rha1 Rb7 25. Kd3 h5 26. R1a3 Bc7 27. d5 exd5 28. Rxf6 Ke7 29. Rf5 Ke6 30. Rxh5 a5 31. bxa5 Rxa5 32. Rxa5 Bxa5 33. Rh6+ f6 34. Bd4 Rf7 35. g4 Ke7 36. f4 Bc7 37. Ke3 Bd8 38. h5 Kf8 39. Rh8+ Ke7 40. h6 Rf8 41. Rxf8 Kxf8 42. g5 fxg5 43. h7 1-0

[Event "Rheinland Pfalz op 11th"]
[Site "Weilerbach"]
[Date "2019.06.23"]
[Round "7"]
[White "Mueller, Mark"]
[Black "Boder, Jan"]
[Result "1/2-1/2"]
[WhiteElo "2009"]
[BlackElo "2123"]
[PlyCount "80"]
[EventDate "2019.06.20"]
[EventType "swiss"]
[EventRounds "7"]
[EventCountry "GER"]
[SourceTitle "CBM 191 Extra"]
[Source "ChessBase"]
[SourceDate "2019.09.30"]
[SourceVersion "1"]
[SourceVersionDate "2019.09.30"]
[SourceQuality "1"]

1. e4 c5 2. Nf3 Nc6 3. Bb5 Nf6 4. Bxc6 dxc6 5. Nc3 Bg4 6. h3 Bxf3 7. Qxf3 e5 8. d3 Nd7 9. 0-0 Bd6 10. Qg3 0-0 11. Bg5 f6 12. Bd2 Qe7 13. Nd1 Kh8 14. Ne3 g6 15. Qf3 Rf7 16. a4 Bc7 17. g4 Rg8 18. Bc3 Nf8 19. Kh1 Ne6 20. Rae1 Nd4 21. Qg2 f5 22. g5 fxe4 23. Nc4 Rf5 24. f4 exd3 25. cxd3 Re8 26. Re4 Qf7 27. Ne3 Rxf4 28. Rfxf4 exf4 29. Bxd4+ cxd4 30. Ng4 Rxe4 31. Qxe4 Qd5 32. Qxd5 cxd5 33. Kg2 Kg7 34. Kf3 Kf7 35. Nf6 Ke6 36. Nxh7 Kf5 37. h4 Bd8 38. Nf8 Be7 39. Nh7 a6 40. b3 a5 1/2-1/2

[Event "GER-chT Betriebe 17th"]
[Site "Berlin"]
[Date "2017.11.04"]
[Round "6.1"]
[White "Mueller, Mark"]
[Black "Welke, Klaus"]
[Result "1/2-1/2"]
[WhiteElo "2090"]
[BlackElo "2169"]
[PlyCount "67"]
[EventDate "2017.11.02"]
[EventType "team-swiss"]
[EventRounds "7"]
[EventCountry "GER"]
[SourceTitle "EXT 2020"]
[Source "ChessBase"]
[SourceDate "2019.10.17"]
[SourceVersion "1"]
[SourceVersionDate "2019.10.17"]
[SourceQuality "1"]
[WhiteTeam "Berlin Tempelhof II"]
[BlackTeam "Bonn Deutsche Post II"]
[WhiteTeamCountry "GER"]
[BlackTeamCountry "GER"]

1. d4 d5 2. c4 e6 3. Nc3 Nf6 4. cxd5 exd5 5. Bg5 c6 6. e3 Bf5 7. Qf3 Bg6 8. Bxf6 Qxf6 9. Qxf6 gxf6 10. Nf3 Nd7 11. Nh4 Bb4 12. 0-0-0 b5 13. Ne2 Nb6 14. Ng3 Kd7 15. Nhf5 a5 16. h4 h5 17. Be2 Rh7 18. Bd3 Re8 19. Ne2 a4 20. Nf4 Nc4 21. g4 a3 22. bxa3 Bxa3+ 23. Kc2 Nb2 24. Nxg6 fxg6 25. Ng3 Nxd3 26. Rxd3 Bd6 27. gxh5 Bxg3 28. fxg3 gxh5 29. Rf1 Rh6 30. Ra3 Kd6 31. Kd3 Rg6 32. Rf3 Reg8 33. Ra7 Ke6 34. Rc7 1/2-1/2

[Event "Eschborn op"]
[Site "Eschborn"]
[Date "2017.10.15"]
[Round "4"]
[White "Mueller, Mark"]
[Black "Giebitz, Walter"]
[Result "1-0"]
[WhiteElo "1843"]
[BlackElo "1231"]
[PlyCount "67"]
[EventDate "2017.10.13"]
[EventType "swiss"]
[EventRounds "5"]
[EventCountry "GER"]
[SourceTitle "EXT 2019"]
[Source "ChessBase"]
[SourceDate "2018.10.10"]
[SourceVersion "1"]
[SourceVersionDate "2018.10.10"]
[SourceQuality "1"]

1. e4 e5 2. Nf3 d6 3. d4 exd4 4. Nxd4 Nf6 5. Nc3 Be7 6. Bd3 Bd7 7. f4 Nc6 8. Nf3 Bg4 9. h3 Bxf3 10. Qxf3 0-0 11. 0-0 a6 12. Be3 Nb4 13. Rad1 Rb8 14. e5 Nd7 15. Be4 a5 16. Bxb7 Nxc2 17. Ba7 h6 18. Bxb8 Qxb8 19. Bc6 Nb6 20. Rd2 Nb4 21. a3 Nc4 22. Rdf2 Nxc6 23. Qxc6 Bh4 24. Qxc4 Bxf2+ 25. Rxf2 dxe5 26. fxe5 Re8 27. Qxf7+ Kh8 28. e6 Qd8 29. Nd5 c6 30. e7 Qxd5 31. Qxe8+ Kh7 32. Qf7 Qd1+ 33. Kh2 Qd6+ 34. g3 1-0

[Event "Eschborn op"]
[Site "Eschborn"]
[Date "2017.10.14"]
[Round "1"]
[White "Peschk, Kathrin"]
[Black "Mueller, Mark"]
[Result "0-1"]
[WhiteElo "1214"]
[BlackElo "1843"]
[PlyCount "60"]
[EventDate "2017.10.13"]
[EventType "swiss"]
[EventRounds "5"]
[EventCountry "GER"]
[SourceTitle "EXT 2019"]
[Source "ChessBase"]
[SourceDate "2018.10.10"]
[SourceVersion "1"]
[SourceVersionDate "2018.10.10"]
[SourceQuality "1"]

1. d4 Nf6 2. Nf3 c5 3. Bf4 cxd4 4. Nxd4 d6 5. Bg3 g6 6. e3 Bg7 7. c3 0-0 8. Nd2 Nc6 9. Bb5 Bd7 10. Nxc6 bxc6 11. Ba4 Rb8 12. Rb1 Bf5 13. Bc2 Bxc2 14. Qxc2 Qa5 15. a3 Qa6 16. Nf3 Rb7 17. Qe2 Qxa3 18. bxa3 Rxb1+ 19. Qd1 Rxd1+ 20. Kxd1 Ne4 21. Nd4 Nxc3+ 22. Kc2 Bxd4 23. exd4 Nb5 24. Kd3 Nxa3 25. Ra1 Nb5 26. Ra6 Rc8 27. Ra5 Rb8 28. Kc4 Rb6 29. f3 a6 30. Bf2 Nc7 0-1

[Event "Rheinland Pfalz op 9th"]
[Site "Lambsheim"]
[Date "2017.06.16"]
[Round "4"]
[White "Boos, Patrick"]
[Black "Mueller, Mark"]
[Result "1/2-1/2"]
[WhiteElo "2049"]
[BlackElo "1837"]
[PlyCount "101"]
[EventDate "2017.06.15"]
[EventType "swiss"]
[EventRounds "7"]
[EventCountry "GER"]
[SourceTitle "CBM 178 Extra"]
[Source "ChessBase"]
[SourceDate "2017.06.22"]
[SourceVersion "1"]
[SourceVersionDate "2017.06.22"]
[SourceQuality "1"]

1. e4 c5 2. Nf3 d6 3. d4 cxd4 4. Nxd4 Nf6 5. Nc3 g6 6. Be3 Bg7 7. f3 0-0 8. Qd2 Nc6 9. 0-0-0 d5 10. exd5 Nxd5 11. Nxc6 bxc6 12. Nxd5 cxd5 13. Bh6 e6 14. Bxg7 Kxg7 15. h4 h5 16. Be2 Rh8 17. g4 hxg4 18. h5 gxf3 19. h6+ Kh7 20. Qf4 Qe7 21. Bxf3 Bd7 22. Rhe1 Qf8 23. Kb1 Kg8 24. Rh1 Rb8 25. Rdg1 Rb6 26. Qf6 Rh7 27. b3 Be8 28. Rh3 Qd6 29. Rg5 Qf8 30. Bh5 Rc6 31. Rf3 Qxh6 32. Qd8 Kf8 33. Bg4 Qg7 34. Rf6 Rh1+ 35. Kb2 Qh6 36. Ka3 Qxg5 37. Rxf7+ Kxf7 38. Qxg5 Rf1 39. Qe3 Ra6+ 40. Kb2 Rf6 41. Be2 Rb6 42. Qc5 Rb7 43. Ba6 Re7 44. a4 g5 45. c4 dxc4 46. Bxc4 Rg6 47. Bd3 Rg7 48. Be2 g4 49. Qf2+ Kg8 50. Qg3 e5 51. a5 1/2-1/2

[Event "Rheinland Pfalz op 9th"]
[Site "Lambsheim"]
[Date "2017.06.16"]
[Round "3"]
[White "Mueller, Mark"]
[Black "Haenssel, Christian"]
[Result "0-1"]
[WhiteElo "1837"]
[BlackElo "2054"]
[PlyCount "136"]
[EventDate "2017.06.15"]
[EventType "swiss"]
[EventRounds "7"]
[EventCountry "GER"]
[SourceTitle "CBM 178 Extra"]
[Source "ChessBase"]
[SourceDate "2017.06.22"]
[SourceVersion "1"]
[SourceVersionDate "2017.06.22"]
[SourceQuality "1"]

1. e4 c5 2. Nf3 d6 3. Bb5+ Nd7 4. 0-0 Ngf6 5. Re1 a6 6. Bd3 Qc7 7. c3 e6 8. Bc2 Be7 9. d4 0-0 10. Nbd2 b5 11. Nf1 Bb7 12. Ng3 Rac8 13. Re2 h6 14. Bf4 Nb6 15. e5 Bxf3 16. gxf3 dxe5 17. dxe5 Rfd8 18. Qc1 Nfd7 19. Bb1 Nd5 20. Qc2 g6 21. Qe4 Nxf4 22. Qxf4 Bg5 23. Qe4 Qc6 24. f4 Qxe4 25. Rxe4 Be7 26. c4 Nb6 27. Re1 Nxc4 28. b3 Nb6 29. Be4 Nd5 30. a4 c4 31. axb5 axb5 32. bxc4 bxc4 33. Ne2 Bb4 34. Red1 Nc3 35. Rxd8+ Rxd8 36. Nxc3 Bxc3 37. Rc1 Bd2 38. Rxc4 Bxf4 39. Bxg6 Bxe5 40. Bh5 Rd5 41. Bf3 Rd2 42. Re4 f6 43. Re2 Rd3 44. Bg4 Kf7 45. f4 Bd4+ 46. Kg2 f5 47. Bh5+ Kf6 48. Be8 Be3 49. Bb5 Rc3 50. Bd7 Bxf4 51. Bxe6 Kg5 52. Rf2 h5 53. Rf3 Rc6 54. Bd7 Rd6 55. Bc8 h4 56. Rf2 Rd3 57. Rf3 Rd2+ 58. Rf2 h3+ 59. Kf3 Rd1 60. Ba6 Ra1 61. Bf1 Ra3+ 62. Ke2 Kg4 63. Ke1 Bd6 64. Be2+ Kg5 65. Rf3 Bb4+ 66. Kf2 Bc5+ 67. Kg3 Ra2 68. Bf1 Bd6+ 0-1

[Event "Korbach op 8th"]
[Site "Korbach"]
[Date "2016.10.21"]
[Round "2"]
[White "Wastian, Mareike"]
[Black "Mueller, Mark"]
[Result "1/2-1/2"]
[WhiteElo "1710"]
[BlackElo "1890"]
[PlyCount "29"]
[EventDate "2016.10.20"]
[EventType "swiss"]
[EventRounds "7"]
[EventCountry "GER"]
[SourceTitle "CBM 175 Extra"]
[Source "ChessBase"]
[SourceDate "2016.12.12"]
[SourceVersion "1"]
[SourceVersionDate "2016.12.12"]
[SourceQuality "1"]

1. e4 c5 2. d4 cxd4 3. c3 dxc3 4. Nxc3 Nc6 5. Nf3 g6 6. Bc4 Bg7 7. e5 Nh6 8. Bf4 Qa5 9. Qe2 0-0 10. 0-0 a6 11. a4 Nf5 12. Rfd1 Qc7 13. Nd5 Qd8 14. b4 d6 15. a5 1/2-1/2

[Event "Vellmar op 8th"]
[Site "Vellmar"]
[Date "2016.07.28"]
[Round "1"]
[White "Mueller, Mark"]
[Black "Rafiee, Makan"]
[Result "0-1"]
[WhiteElo "1932"]
[BlackElo "2318"]
[PlyCount "46"]
[EventDate "2016.07.28"]
[EventType "swiss"]
[EventRounds "7"]
[EventCountry "GER"]
[SourceTitle "CBM 173 Extra"]
[Source "ChessBase"]
[SourceDate "2016.08.29"]
[SourceVersion "1"]
[SourceVersionDate "2016.08.29"]
[SourceQuality "1"]

1. e4 e5 2. Nf3 Nc6 3. Bc4 Bc5 4. c3 Nf6 5. d3 a6 6. Nbd2 h6 7. 0-0 Ba7 8. Re1 0-0 9. Nf1 d6 10. Bb3 Be6 11. Bc2 d5 12. exd5 Nxd5 13. Ne3 Nf6 14. Qe2 Re8 15. Nc4 Bxc4 16. dxc4 e4 17. Nh4 Qd7 18. Be3 g5 19. Rad1 Qe6 20. c5 gxh4 21. Bb3 Qf5 22. Bd4 Nxd4 23. cxd4 c6 0-1

[Event "Frankfurt-chA"]
[Site "Frankfurt"]
[Date "2015.06.08"]
[Round "6"]
[White "Witt, Holger"]
[Black "Mueller, Mark"]
[Result "0-1"]
[WhiteElo "1506"]
[BlackElo "1733"]
[PlyCount "52"]
[EventDate "2015.04.27"]
[EventType "swiss"]
[EventRounds "7"]
[EventCountry "GER"]
[SourceTitle "EXT 2016"]
[Source "ChessBase"]
[SourceDate "2015.10.08"]
[SourceVersion "1"]
[SourceVersionDate "2015.10.08"]
[SourceQuality "1"]

1. d4 Nf6 2. Bg5 g6 3. Bxf6 exf6 4. c4 Bg7 5. e3 c5 6. Nf3 0-0 7. Nc3 Qb6 8. Qd2 cxd4 9. Nxd4 a6 10. Nd5 Qd8 11. Be2 Nc6 12. 0-0 Ne7 13. Bf3 Nxd5 14. Bxd5 Rb8 15. a4 b6 16. Rfd1 Re8 17. Rac1 Bf8 18. b3 a5 19. Bxf7+ Kxf7 20. Nc6 Qc7 21. Nxb8 Qxb8 22. Qd5+ Kg7 23. Qf3 Qc7 24. Qg3 Re5 25. Rd5 Bd6 26. Rcd1 Rxd5 0-1